Vídeňské noviny
| Format: | Serial |
|---|---|
| Language: | English |
| Published: |
Vídeň
krajan
|
MARC
| LEADER | 00000nas a2200000 a 4500 | ||
|---|---|---|---|
| 001 | vtls009174022 | ||
| 003 | SK-MaSNL | ||
| 005 | 20260221115033.0 | ||
| 008 | 080115c mr1 0 0eng d | ||
| 040 | |a SNK |b slo |c SNK | ||
| 245 | 0 | 0 | |a Vídeňské noviny |
| 260 | |a Vídeň |b krajan | ||
| 500 | |a Popis podľa : Roč.4, č. 103 - 208, 1937/2 | ||
| 910 | |a snk | ||
| 999 | |c 4334 |d 6264 | ||
| 952 | |0 0 |1 1 |3 rekatalogizácia |4 0 |7 0 |a SNK |b SNK |d 2008-01-15 |i snkČID 119/59 |l 0 |o snkČA 392/4/1937/2 |p 17A0572470 |r 2026-02-21 20:28:29 |t č. 103 - 208 |w 2026-02-21 |y PREZ | ||
| 952 | |0 0 |1 1 |4 0 |7 0 |a SNK |b SNK |d 2008-01-15 |i snkČID 114/59 |l 0 |o snkČA 392/5/1938/1 |p 17A0572429 |r 2026-02-21 20:28:29 |t č. 1 -103 |w 2026-02-21 |y PREZ | ||


